| 000 | 01849cam a2200313 a 4500 | ||
|---|---|---|---|
| 001 | 15094707 | ||
| 005 | 20160829140815.0 | ||
| 008 | 071127s2008 enka b 001 0 eng | ||
| 010 | _a 2007048693 | ||
| 020 | _a0230553818 (alk. paper) | ||
| 020 | _a9780230553811 (alk. paper) | ||
| 082 | 0 | 0 |
_a332.10681 _222 _bAKK |
| 100 | 1 |
_aAkkizidis, Ioannis S. _932836 |
|
| 245 | 1 | 0 |
_aFinancial Risk Management for Islamic Banking and Finance / _cIoannis Akkizidis and Sunil Kumar Khandelwal. |
| 260 |
_aHoundmills, Basingstoke, Hampshire ; _aNew York : _bPalgrave Macmillan, _c2008. |
||
| 300 |
_axxix, 220 p. : _bill. ; _c25 cm. |
||
| 490 | 1 | _aPalgrave Macmillan finance and capital markets series | |
| 504 | _aIncludes bibliographical references and index. | ||
| 505 | 0 | _aPrinciples of Islamic finance -- Risk management issues in Islamic financial contracts -- Basel II and IFSB for Islamic financial risk -- Credit risks in Islamic finance -- Market risks in Islamic finance -- Operational risk in Islamic finance. | |
| 520 | 1 | _a"Risk management for Islamic banking financial products and services is one of the greatest challenges that many westernised, as well as Islamic banks, are facing today. This book presents a common framework on how to efficiently manage the risks faced and minimise the overall degree of Islamic financial risks. It is a valuable guide for those working in both non-Islamic and Islamic finance."--BOOK JACKET. | |
| 650 | 0 |
_aFinancial risk management _zIslamic countries. _932837 |
|
| 650 | 0 |
_aBanks and banking _zIslamic countries. _928054 |
|
| 650 | 0 |
_aBanks and banking _xReligious aspects _xIslam. _932829 |
|
| 650 | 0 |
_aFinance _xReligious aspects _xIslam. _928658 |
|
| 653 |
_bEco _cMarch2013 |
||
| 650 | 0 |
_932713 _aFinance _zIslamic countries |
|
| 700 | 1 |
_aKhandelwal, Sunil Kumar, _d1967- _932838 |
|
| 942 |
_2ddc _cBB |
||
| 999 |
_c17358 _d17330 |
||